Basic engineering data collection and analysis / (Record no. 34937)
[ view plain ]
| 000 -LEADER | |
|---|---|
| fixed length control field | 01117cam a22002654a 4500 |
| 005 - DATE AND TIME OF LATEST TRANSACTION | |
| control field | 20231218105459.0 |
| 008 - FIXED-LENGTH DATA ELEMENTS--GENERAL INFORMATION | |
| fixed length control field | 000511s2001 caua 001 0 eng |
| 010 ## - LIBRARY OF CONGRESS CONTROL NUMBER | |
| LC control number | 00040358 |
| 020 ## - INTERNATIONAL STANDARD BOOK NUMBER | |
| ISBN | 053436957X |
| 040 ## - CATALOGING SOURCE | |
| Original cataloging agency | DLC |
| Transcribing agency | DLC |
| Modifying agency | DLC |
| 042 ## - AUTHENTICATION CODE | |
| Authentication code | pcc |
| 082 00 - DEWEY DECIMAL CLASSIFICATION NUMBER | |
| Classification number | 620.001 |
| Edition number | 21 |
| Item number | VAR-B |
| 100 1# - MAIN ENTRY--AUTHOR | |
| Author Name | Vardeman, Stephen B. |
| 245 10 - TITLE STATEMENT | |
| Title | Basic engineering data collection and analysis / |
| Statement of responsibility, etc. | Stephen B. Vardeman, J. Marcus Jobe. |
| 260 ## - PUBLICATION, DISTRIBUTION, ETC. | |
| Place of Publication | Pacific Grove, CA : |
| Name of publisher, distributor, etc. | Brooks/Cole, |
| Date of publication, distribution, etc. | 2001. |
| 300 ## - PHYSICAL DESCRIPTION | |
| Pages | xv, 832 p. : |
| 500 ## - GENERAL NOTE | |
| General note | Abridgment and modernization of: Statistics for engineering problem solving. 1994. |
| 650 #0 - SUBJECT ADDED ENTRY--TOPICAL TERM | |
| Subject / Department | Engineering |
| General subdivision | Statistical methods. |
| 650 #0 - SUBJECT ADDED ENTRY--TOPICAL TERM | |
| Subject / Department | Engineering |
| Form subdivision | Databases. |
| 700 1# - ADDED ENTRY--PERSONAL NAME | |
| Personal name | Jobe, J. Marcus. |
| 700 1# - ADDED ENTRY--PERSONAL NAME | |
| Personal name | Vardeman, Stephen B. |
| Title of a work | Statistics for engineering problem solving. |
| 300 ## - PHYSICAL DESCRIPTION | |
| -- | ill. ; |
| -- | 25 cm. |
| 906 ## - LOCAL DATA ELEMENT F, LDF (RLIN) | |
| a | 7 |
| b | cbc |
| c | orignew |
| d | 1 |
| e | ocip |
| f | 20 |
| g | y-gencatlg |
| 952 ## - LOCATION AND ITEM INFORMATION (KOHA) | |
| -- | 0 |
| -- | 0 |
| 952 ## - LOCATION AND ITEM INFORMATION (KOHA) | |
| -- | 0 |
| -- | 0 |
| 952 ## - LOCATION AND ITEM INFORMATION (KOHA) | |
| -- | 0 |
| -- | 0 |
| Lost status | Damaged status | Collection code | Permanent Location | Current Location | Shelving Location | Date acquired | Full Call Number | Accession No./Barcode | Date last seen | item type | Koha item type |
|---|---|---|---|---|---|---|---|---|---|---|---|
| CS/IT | Superior Information Resource Center (SIRC) Superior University- Gold Campus | Superior Information Resource Center (SIRC) Superior University- Gold Campus | Statistics | 12/18/2023 | 620.001 VAR-B 2001 | 19830 | 12/18/2023 | BOOK | BOOK | ||
| CS/IT | Superior Information Resource Center (SIRC) Superior University- Gold Campus | Superior Information Resource Center (SIRC) Superior University- Gold Campus | Statistics | 12/18/2023 | 620.001 VAR-B 2001 | 19831 | 12/18/2023 | BOOK | BOOK | ||
| CS/IT | Superior Information Resource Center (SIRC) Superior University- Main Campus | Superior Information Resource Center (SIRC) Superior University- Main Campus | Statistics | 12/18/2023 | 620.001 VAR-B 2001 | 19832 | 12/18/2023 | BOOK | BOOK |
